| 000 -LEADER |
| fixed length control field |
03129nam a22007097a 4500 |
| 001 - CONTROL NUMBER |
| control field |
12192908 |
| 003 - CONTROL NUMBER IDENTIFIER |
| control field |
LIBRIS |
| 005 - DATE AND TIME OF LATEST TRANSACTION |
| control field |
20210501115908.0 |
| 008 - FIXED-LENGTH DATA ELEMENTS--GENERAL INFORMATION |
| fixed length control field |
110525s2011 nyu|||||||||||000 f|eng|c |
| 020 ## - INTERNATIONAL STANDARD BOOK NUMBER |
| International Standard Book Number |
9780385343671 |
| Qualifying information |
pbk. |
| 020 ## - INTERNATIONAL STANDARD BOOK NUMBER |
| International Standard Book Number |
0385343671 |
| 020 ## - INTERNATIONAL STANDARD BOOK NUMBER |
| Canceled/invalid ISBN |
9781588369741 (ebook) |
| 035 ## - SYSTEM CONTROL NUMBER |
| System control number |
(OCoLC)ocn694147547 |
| 040 ## - CATALOGING SOURCE |
| Original cataloging agency |
YDXCP |
| Transcribing agency |
YDXCP |
| Modifying agency |
BTCTA |
| -- |
KUT |
| -- |
CDX |
| -- |
IXA |
| -- |
FDA |
| -- |
Q |
| Description conventions |
a |
| 041 ## - LANGUAGE CODE |
| Language code of text/sound track or separate title |
eng |
| 050 14 - LIBRARY OF CONGRESS CALL NUMBER |
| Classification number |
PR9199.4.R323 |
| Item number |
I57 2011 |
| 080 ## - UNIVERSAL DECIMAL CLASSIFICATION NUMBER |
| Universal Decimal Classification number |
821.111 |
| Item number |
R-12 |
| 082 04 - DEWEY DECIMAL CLASSIFICATION NUMBER |
| Classification number |
813.6 |
| Edition number |
22 |
| 084 ## - OTHER CLASSIFICATION NUMBER |
| Classification number |
Heq.01 |
| Number source |
kssb/8 |
| 100 1# - MAIN ENTRY--PERSONAL NAME |
| Personal name |
Rachman, Tom. |
| 245 14 - TITLE STATEMENT |
| Title |
The imperfectionists : |
| Remainder of title |
a novel / |
| Statement of responsibility, etc. |
Tom Rachman. |
| 250 ## - EDITION STATEMENT |
| Edition statement |
Dial Press Trade Paperback ed. |
| 264 #1 - PRODUCTION, PUBLICATION, DISTRIBUTION, MANUFACTURE, AND COPYRIGHT NOTICE |
| Place of production, publication, distribution, manufacture |
New York : |
| Name of producer, publisher, distributor, manufacturer |
Dial Press Trade Paperbacks, |
| Date of production, publication, distribution, manufacture, or copyright notice |
2011 |
| 300 ## - PHYSICAL DESCRIPTION |
| Extent |
viii, 281 p. |
| Dimensions |
21 cm. |
| 340 ## - PHYSICAL MEDIUM |
| Dimensions |
21 cm. |
| 365 ## - TRADE PRICE |
| Price type code |
15.00 USD |
| 500 ## - GENERAL NOTE |
| General note |
7. pr., 2011 |
| 500 ## - GENERAL NOTE |
| General note |
"Originally published in hardcover in the United States by The Dial Press ... in 2010"--T.p. verso. |
| 500 ## - GENERAL NOTE |
| General note |
Includes a reader's guide. |
| 500 ## - GENERAL NOTE |
| Institution to which field applies |
Q |
| General note |
7. pr. |
| 520 ## - SUMMARY, ETC. |
| Summary, etc. |
Preoccupied by personal challenges while running a struggling newspaper in Rome, an obituary writer confronts mortality, an eccentric publisher obsesses over his dog, and other staff members uncover the paper's founding by an impulsive millionaire. |
| 650 #0 - SUBJECT ADDED ENTRY--TOPICAL TERM |
| Topical term or geographic name entry element |
Reporters and reporting |
| Form subdivision |
Fiction. |
| 650 #0 - SUBJECT ADDED ENTRY--TOPICAL TERM |
| Topical term or geographic name entry element |
Newspaper publishing |
| Form subdivision |
Fiction. |
| 650 #0 - SUBJECT ADDED ENTRY--TOPICAL TERM |
| Topical term or geographic name entry element |
Newspaper editors |
| Form subdivision |
Fiction. |
| 650 #7 - SUBJECT ADDED ENTRY--TOPICAL TERM |
| Topical term or geographic name entry element |
Reporters and reporting |
| Form subdivision |
Fiction. |
| Source of heading or term |
sears |
| 650 #7 - SUBJECT ADDED ENTRY--TOPICAL TERM |
| Topical term or geographic name entry element |
Newspapers |
| Form subdivision |
Fiction. |
| Source of heading or term |
sears |
| 650 #7 - SUBJECT ADDED ENTRY--TOPICAL TERM |
| Topical term or geographic name entry element |
Journalism |
| General subdivision |
Editing |
| Form subdivision |
Fiction. |
| Source of heading or term |
sears |
| 653 ## - INDEX TERM--UNCONTROLLED |
| Uncontrolled term |
Newspaper industry |
| 653 ## - INDEX TERM--UNCONTROLLED |
| Uncontrolled term |
ინგლისური ლიტერატურა |
| 653 ## - INDEX TERM--UNCONTROLLED |
| Uncontrolled term |
Newspapers |
| 653 ## - INDEX TERM--UNCONTROLLED |
| Uncontrolled term |
Fiction |
| 887 ## - NON-MARC INFORMATION FIELD |
| Content of non-MARC field |
{"@id":"xg89ztx82jzh28s","modified":"2018-10-30T23:00:00+01:00","checksum":"62675389179"} |
| Source of data |
librisxl |
| 887 ## - NON-MARC INFORMATION FIELD |
| Content of non-MARC field |
{"@id":"pt179ttv0p40k98","modified":"2014-11-08T11:16:20+01:00","checksum":"99124413503"} |
| Source of data |
librisxl |
| 887 ## - NON-MARC INFORMATION FIELD |
| Content of non-MARC field |
{"@id":"djq1ns7k21rq0fk","modified":"2011-08-03T12:15:58+02:00","checksum":"96121000337"} |
| Source of data |
librisxl |
| 887 ## - NON-MARC INFORMATION FIELD |
| Content of non-MARC field |
{"@id":"fkr3w4nl1qf81pz","modified":"2015-01-16T15:42:18+01:00","checksum":"102200967498"} |
| Source of data |
librisxl |
| 887 ## - NON-MARC INFORMATION FIELD |
| Content of non-MARC field |
{"@id":"jnvl1x6p5jcxsxj","modified":"2014-11-08T11:15:35+01:00","checksum":"110019517217"} |
| Source of data |
librisxl |
| 887 ## - NON-MARC INFORMATION FIELD |
| Content of non-MARC field |
{"@id":"x28h5433152smz9","modified":"2014-11-08T11:14:20+01:00","checksum":"101348811071"} |
| Source of data |
librisxl |
| 887 ## - NON-MARC INFORMATION FIELD |
| Content of non-MARC field |
{"@id":"6bjslzrc2ljwvcc","modified":"2011-05-25T09:38:37+02:00","checksum":"97473193955"} |
| Source of data |
librisxl |
| 942 ## - ADDED ENTRY ELEMENTS (KOHA) |
| Source of classification or shelving scheme |
|
| Koha item type |
Books |